Survival in the ice and snow

Bibliographic Details
Main Author: Glover, Jane
Other Authors: Watson, Brian (illustrated)
Format: Book
Published: Newmarket : Brimax Books , 1990
Series:Survival series
Subjects:

MARC

LEADER 00000cam a2200000 7i4500
001 0000005476
002 000005919
005 20000330.0
020 |a 0861125975 
090 0 0 |a J 591   |b GLO 
100 1 |a Glover, Jane 
245 1 0 |a Survival in the ice and snow   |c Jane and David Glover ; illustrated by Brian Watson 
260 |a Newmarket :   |b Brimax Books ,   |c 1990 
300 |a 36 p. :   |b ill. ;   |c 30 cm. 
490 0 |a Survival series 
650 0 0 |a Animals   |x Artic regions   |x Juvenile literature 
700 1 |a Watson, Brian ,   |e illustrated 
999 |a 026719   |b BUKU   |c JUNIOR REFERENCE   |e PERPUSTAKAAN KOMUNITI PETALING JAYA 
999 |a 026721   |b BUKU   |c PINJAMAN   |e PERPUSTAKAAN KOMUNITI PETALING JAYA